Métodos numéricos: aplicados a la Ingeniería

Kaydedildi:
Detaylı Bibliyografya
Asıl Yazarlar: Nieves Hurtado, Antonio (autor), Domínguez Sánchez, Federico C (Yazar)
Materyal Türü: Kitap
Dil:İspanyolca
Baskı/Yayın Bilgisi: Cuernavaca Patria 2007
Edisyon:3a. ed
Konular:
Etiketler: Etiketle
Etiket eklenmemiş, İlk siz ekleyin!

MARC

LEADER 00000cam a2200000 a 4500
001 UCF2635
003 CL-VaPUC
008 120830e20070000MX |||||||||||||||||spa|d
020 |a 9789708170802 
082 0 4 |a 519.4  |b NIE  |2 21 
100 |a Nieves Hurtado, Antonio  |e autor  |9 564356 
700 0 |a Domínguez Sánchez, Federico C  |e author  |9 564357 
245 1 0 |a Métodos numéricos: aplicados a la Ingeniería 
250 |a 3a. ed 
300 |a 708 p 
942 |c BK 
945 |d 20120830 00:00:00  |a dcastane 
260 |a Cuernavaca  |b Patria  |c 2007 
500 |a Incluye CD 
650 0 |a Análisis numérico   |9 259387 
650 7 |a TABLAS  |2 CL-VaPUC  |9 262082 
650 0 |a Matemáticas aplicadas  |9 342401 
583 |a last modification  |c 20120830 10:25:00  |k Rodrigo Vera 
999 |c 349176  |d 349174 
952 |0 0  |1 0  |4 0  |6 519_400000000000000_NIE_2007  |7 0  |8 A  |9 451661  |a BIBMEC  |b BIBMEC  |d 2019-11-22  |i 4884868  |o 519.4 NIE 2007  |p 4884868  |r 2019-11-22  |w 2019-11-22  |y BK  |k MEC